| 000 | 01005nam a2200325 a 4500 | ||
|---|---|---|---|
| 001 | vtls000214782 | ||
| 003 | NLI | ||
| 005 | 20210602121433.0 | ||
| 008 | 101126s2006 enk b 001 0 eng | ||
| 020 |
_a0826472354 : _cPND 4.50 |
||
| 039 | 9 |
_y201011260105 _zVLOAD |
|
| 040 | 0 |
_aNLI _beng _cEntertech-FY 2010 _eAACR2 |
|
| 041 | 0 | _aeng | |
| 044 | _aenk | ||
| 082 | 0 | 4 | _a012 |
| 100 | 1 |
_aCohen, Ronald I. _9404834 |
|
| 245 | 1 | 0 |
_aBibliography of the writings of Sir Winston Churchill / _cRonald I. Cohen |
| 260 |
_aLondon : _bThoemmes, _cc2006 |
||
| 300 |
_a2 v ; _c25 cm. |
||
| 504 | _aIncludes bibliographical references and index | ||
| 600 | 1 | 0 |
_aChurchill, Winston, _d1874-1965 _vBibliography _9271546 |
| 887 | _a | ||
| 901 |
_a553842 _b11.8.2006 _9v.1 |
||
| 901 |
_a553843 _b11.8.2006 _9v.2 |
||
| 902 | _aE/O 012 C 66 | ||
| 949 |
_AVIRTUAITEM _D10000 _X100 _6PUR000553842ENG _9v.1 |
||
| 942 |
_2ddc _cBKS |
||
| 949 |
_AVIRTUAITEM _D10000 _X100 _6PUR000553843ENG _9v.2 |
||
| 991 | _ed.de | ||
| 999 |
_aVIRTUA40 _c221925 _d221925 |
||